Top 10 Hacking Countries Quiz Stats

 Plays Quiz Updated Feb 5, 2015

Also try: Common Passwords
Challenge
Share
Tweet
Embed
Score 0/10 Timer 02:00
9 Plays Today
Rank Country % Correct
2.United States of America
97%
1.China
96.7%
4.Russia
91.8%
8.India
75.7%
6.Brazil
64.9%
9.Italy
43.4%
3.Turkey
38.1%
5.Taiwan
23.1%
7.Romania
16.1%
10.Hungary
11.1%

You're not logged in!

Compare scores with friends on all Sporcle quizzes.
OR
Log In

You Might Also Like...

Show Comments

Extras

Top Quizzes Today


Score Distribution

Your Account Isn't Verified!

In order to create a playlist on Sporcle, you need to verify the email address you used during registration. Go to your Sporcle Settings to finish the process.

Report this User

Report this user for behavior that violates our Community Guidelines.

Details: